Представление документа в формате RUSMARC

ПолеНазваниеЗначение
  Тип записи a
  Библиографический уровень a
001 Контрольный номер RU/УОНБ/EK_Kray/575910896
005 Дата корректировки 20240131005122.2
100 Данные общей обработки __
a Данные общей обработки 20180401d2018 ||| 0rusy0189 ca
101 Язык документа 0_
a Язык текста rus
102 Страна публикации __
a Страна публикации RU
105 Кодированные данные (монография) __
a Кодированные данные (монография) y###||||000|y
200 Заглавие и сведения об ответственности 1_
a Заглавие ... И появится в душе огонек
e Сведения, относящиеся к заглавию женский монастырь в Комаровке отмечает 20-летие обители
f Первые сведения об ответственности Ева Невская
215 Физическое описание __
c Иллюстрации/тип воспроизводства фот
330 Аннотация __
a Аннотация Первый камень в монастырь был заложен в 1994 г. на месте чудом сохранившегося остова Свято-Михайловского храма.
461 Уровень набора _0
1 2000
a Ульяновская правда
1 011
463 Уровень физической единицы _0
1 001RU/УОНБ/EK_Kray/575909887
1 2000
a 21 нояб
v С. 12.
1 210
d 2014
601 Наименование организации как предмет 02
a Наименование организации как предмет Михаило-Архангельский женский монастырь, с. Комаровка
610 Ключевые слова 0_
a Ключевые слова женские монастыри
610 Ключевые слова 0_
a Ключевые слова монастыри
610 Ключевые слова 0_
a Ключевые слова храмы
686 Индексы других классификаций __
a Классификационный индекс 86.3-66
2 Код системы rubbk
700 Автор _1
a Фамилия Невская
b Имя (инициалы) Е.
g Полное личное имя Ева
4 Код отношения 070
801 Источник записи _0
a Страна RU
b Организация Ульяновская ОНБ
c Дата составления 20180401
g Правила каталогизации RCR
801 Источник записи _1
a Страна RU
b Организация Ульяновская ОНБ
c Дата составления 20180401
g Правила каталогизации RCR
901 Тип документа __
t Тип документа b
w Контрольный № источника RU/УОНБ/EK_Kray/575909887
909 Создатель записи __
a Создатель записи Морозова Н.А.
938 Служебная информация __
a Имя БД kraeved_work
b Имя библиотеки УОНБ
c Имя АИБС МАРК-SQL
d Номер DOC_ID в БД 131284